Statistics for Biggest U.S. Cities by Letter - I

Click here to take the quiz!

General Stats

  • This quiz has been taken 2,611 times
    (573 since last reset)
  • The average score is 7 of 14

Answer Stats

Population State Hint Answer % Correct
39,619North CarolinaCharlotte suburb{Indian} Trail
100%
867,125IndianaState capitalIndianapolis
100%
73,415IowaUniversity of IowaIowa City
68%
282,572CaliforniaPlanned city in Orange CountyIrvine
62%
30,999New YorkCornell University; Named for Odysseus's kingdomIthaca
62%
242,242TexasExxonMobil HQIrving
58%
116,925MissouriKansas City suburb, birthplace of Harry S TrumanIndependence
46%
58,691IdahoSnake RiverIdaho Falls
46%
28,109KentuckyCincinnati suburbIndependence
46%
109,419CaliforniaLos Angeles suburbInglewood
37%
91,240CaliforniaCoachella Music FestivalIndio
32%
27,149CaliforniaJust five miles north of Tijuana{Imperial} Beach
20%
39,378WashingtonSeattle suburbIssaquah
14%
34,709MinnesotaTwin Cities suburb{Inver} {Grove} Heights
13%

Score Distribution

Percentile by Number Answered

Percent of People with Each Score

Your Score History

You have not taken this quiz since the last reset